| 000 | 004360000a22001810004500 | ||
|---|---|---|---|
| 003 | LK-CoMWRAF | ||
| 008 | 230817t ||||| |||| 00| 0 eng d | ||
| 040 |
_aLK-CoMWRAF _dLK-CoMWRAF _eLK-CoMWRAF |
||
| 041 | _aeng | ||
| 082 |
_a150 _bKAM |
||
| 100 | _aKamalutheen, V | ||
| 245 |
_aAnnai Katheeja Rali _b |
||
| 250 | _a2nd.ed | ||
| 260 |
_aMedras _bSulaimania Publishers _c1997 |
||
| 300 | _ap.92 | ||
| 650 | _aLiterature | ||
| 942 | _cBK | ||
| 999 |
_c2788 _d2788 |
||